| 000 | 00864nam a2200217 a 4500 | ||
|---|---|---|---|
| 001 | 000045052 | ||
| 005 | 20201002045834.0 | ||
| 008 | 150130s1980 mx 000 0 spa d | ||
| 020 | _a0070095892 | ||
| 040 |
_aDO-SdBNP _bspa _cBNPHU |
||
| 082 |
_axxxx _bxxxx |
||
| 245 | 0 | 0 |
_aControl futuro del comercio de armas / _cAnne Hessing Cahn... [et al.] ; introducción de David C. Gompert y Alexander R. Vershbow ; traducción, Benjamín Bárcenas. |
| 260 |
_aMéxico : _bPubligrafics, _c1980. |
||
| 300 |
_axii, 191 p. ; _c21 cm. |
||
| 490 | 1 | _a1980s project/Council on Foreign Relations | |
| 500 | _aControlling future arms trade. | ||
| 500 | _aIncluye referencias bibliográficas y notas al pie de las páginas | ||
| 700 | 1 |
_aCahn, Anne Hessing _973057 |
|
| 700 | 1 |
_aBárcenas, Benjamín _etr. _973058 |
|
| 830 | 0 |
_a1980s project/Council on Foreign Relations _973059 |
|
| 999 |
_c44541 _d44541 |
||